书目信息 |
| 书名: | The science of translation | |
| 作者: | Wolfram Wilss. | |
| 分册号: | ||
| 分册名: | 出版地: | Shanghai : |
|
| 出版社: | Shanghai Foreign Language Education Press | |
| 出版时间: | 2001. | |
| 页数: | 292 p. : | |
| 开本: | 21 cm. | |
| 丛书名: | 国外翻译研究丛书 | |
| 中图分类号: | ||
| 科图分类号: | ||
| 其他分类号: | H059 | |
| 主题词: | ||
| 电子资源: | ||
| 000 | 00955cam 2200277 a 4500 | |
| 001 | E0733298609 | |
| 005 | 20070308091656.82 | |
| 008 | 020109r20011982cc a b 001 0 eng d | |
| 020 | @a7810801244 :@cCNY16.60. | |
| 040 | @aFDU@bchi | |
| 050 | 04 | @aP306@b.W48 |
| 082 | 0 | @a418/.02 @2 19 |
| 090 | @aH059 | |
| 099 | @dH059@ex8 | |
| 100 | 1 | @aWilss, Wolfram. |
| 245 | 14 | @aThe science of translation :@bproblems and methods = 翻译学 : 问题与方法 / @cWolfram Wilss. |
| 246 | 31 | @a翻译学 :@b问题与方法 |
| 250 | @a影印本. | |
| 260 | @aShanghai :@bShanghai Foreign Language Education Press,@c2001. | |
| 300 | @a292 p. :@bill. ;@c21 cm. | |
| 440 | 0 | @a国外翻译研究丛书 ;@v6 |
| 504 | @aIncludes bibliographical references (p. [251]-273) and indexes. | |
| 534 | @pReprint. Originally published :@cTèubingen : G. Narr, c1982,@z3878089759. | |
| 650 | 0 | @aTranslating and interpreting. |
| 700 | @aWilss,Wilfram | |
| 920 | @a232010@z2 | |
| The science of translation : : problems and methods = 翻译学 : 问题与方法 / / Wolfram Wilss.-影印本.-Shanghai : : Shanghai Foreign Language Education Press, , 2001. |
| 292 p. : : ill. ; ; 21 cm.- (国外翻译研究丛书 ; 6 ) |
| Includes bibliographical references (p. [251]-273) and indexes. |
| ISBN 7810801244 :CNY16.60. |
| ● |
| 相关链接 |
|
|
|
|
正题名:science of translation
索取号:H059/x8
 
预约/预借
| 序号 | 登录号 | 条形码 | 馆藏地/架位号 | 状态 | 备注 |
| 1 | 0000251 | 300002510 | 第二样本阅览室/ [索取号:H059/x8] | 在馆 |